LEADER 00747nam0-22002771i-450- 001 990003330660403321 005 20001010 035 $a000333066 035 $aFED01000333066 035 $a(Aleph)000333066FED01 035 $a000333066 100 $a20001010d--------km-y0itay50------ba 101 0 $aita 105 $ay-------001yy 200 1 $a<>ESPRIT DU MAL ET L'ESTHTIQUE BAUDELAIRIENNE 210 $aGENVE$cSLATKINE REPRINTS$d1972 676 $a214 700 1$aRuff Marcel A.$0132149 801 0$aIT$bUNINA$gRICA$2UNIMARC 901 $aBK 912 $a990003330660403321 952 $a214 RUF$bLINGUE 1485$fDECLI 959 $aDECLI 996 $aESPRIT DU MAL ET L'ESTHTIQUE BAUDELAIRIENNE$9447961 997 $aUNINA DB $aING01 LEADER 01396nas 2200433- 450 001 9910318340503321 005 20210111025826.7 011 $a2526-9062 035 $a(OCoLC)1118511482 035 $a(CKB)4100000007990607 035 $a(CONSER)--2020238141 035 $a(DE-599)ZDB3010093-8 035 $a(EXLCZ)994100000007990607 100 $a20190521b19932011 --- - 101 0 $apor 135 $aur|n||||||||| 181 $ctxt$2rdacontent 182 $cc$2rdamedia 183 $acr$2rdacarrier 200 00$aRevista de educação matemática 210 1$aSão Paulo, Brazil :$cSociedade Brasileira de Educação Matemática. 215 $a1 online resource 300 $aRefereed/Peer-reviewed 311 08$a1676-8868 517 1 $aJournal of the Brazilian Society of Mathematical Education 517 1 $aRemat 606 $aMathematics$xEducation$vPeriodicals 606 $aMathematics teachers$vPeriodicals 606 $aMathematics$xStudy and teaching$2fast$3(OCoLC)fst01012236 606 $aMathematics teachers$2fast$3(OCoLC)fst01012340 608 $aPeriodicals.$2fast 615 0$aMathematics$xEducation 615 0$aMathematics teachers 615 7$aMathematics$xStudy and teaching. 615 7$aMathematics teachers. 906 $aJOURNAL 912 $a9910318340503321 996 $aRevista de educação matemática$92573991 997 $aUNINA LEADER 03313nam 2200625 a 450 001 9911019956303321 005 20200520144314.0 010 $a9786612034381 010 $a9781282034389 010 $a1282034383 010 $a9781444301069 010 $a1444301063 010 $a9781444301076 010 $a1444301071 035 $a(CKB)1000000000715941 035 $a(EBL)416390 035 $a(SSID)ssj0000124637 035 $a(PQKBManifestationID)11136044 035 $a(PQKBTitleCode)TC0000124637 035 $a(PQKBWorkID)10024396 035 $a(PQKB)10255331 035 $a(MiAaPQ)EBC416390 035 $a(OCoLC)352789924 035 $a(Perlego)2754975 035 $a(EXLCZ)991000000000715941 100 $a20080421d2008 uy 0 101 0 $aeng 135 $aur|n|---||||| 181 $ctxt 182 $cc 183 $acr 200 00$aCollaborative relationships in construction $edeveloping frameworks and networks /$fedited by Hedley Smyth, Stephen Pryke 210 $aChichester, U.K. ;$aMalden, MA $cWiley-Blackwell$d2008 215 $a1 online resource (267 p.) 300 $aDescription based upon print version of record. 311 08$a9781405180412 311 08$a1405180412 320 $aIncludes bibliographical references and index. 327 $aContents; Preface; About the authors; Foreword; Introduction: Managing collaborative relationships and the management of projects; Section I: Collaborative Relationships in Contractual Frameworks; 1: Specialist contractors and partnering; 2: Change in the quantity surveying profession; 3: Client requirements and project team knowledge in refurbishment projects; 4: Contractual frameworks and cooperative relationships; Section II: Collaborative Relationships and Conceptual Frameworks; 5: Better collaboration through cooperation; 6: Developing trust 327 $aSection III: Collaborative Relationships and Networks7: Disaster mitigation through collaborative knowledge-sharing practices; 8: Early design management in architecture; 9: Civil construction supply chain management policy to support collaborative relationships in public sector procurement; 10: Construction and women; Conclusion; Index 330 $aThe book collects the latest research on both contractual and conceptual collaborative practices in construction. It identifies common problems faced by the industry and draws out practical implications. Construction projects are increasingly run in ways that undermine the traditional boundary of the firm and sometimes also the definition of the project coalition. This poses challenges for construction firms whose clients demand ever increasing performance improvements as well as those firms who want to improve their strategies for greater collaboration to give themselves competitive advanta 606 $aConstruction industry$zGreat Britain 606 $aBusiness logistics$zGreat Britain 615 0$aConstruction industry 615 0$aBusiness logistics 676 $a690.068 701 $aSmyth$b Hedley$0275497 701 $aPryke$b Stephen$01628721 801 0$bMiAaPQ 801 1$bMiAaPQ 801 2$bMiAaPQ 906 $aBOOK 912 $a9911019956303321 996 $aCollaborative relationships in construction$94421870 997 $aUNINA